Hélices (Record no. 17481)

MARC details
000 -LEADER
campo de control de longitud fija 00989nam a2200265 i 4500
001 - NÚMERO DE CONTROL
campo de control 17481
003 - IDENTIFICADOR DE NÚMERO DE CONTROL
campo de control ES-MaACL
005 - FECHA Y HORA DE LA ÚLTIMA TRANSACCIÓN
campo de control 20230906151610.0
007 - CAMPO FIJO DE DESCRIPCIÓN FÍSICA--INFORMACIÓN GENERAL
campo de control de longitud fija t|
008 - DATOS DE LONGITUD FIJA--INFORMACIÓN GENERAL
campo de control de longitud fija 010313s2000 sp ||||1| spa d
020 ## - NÚMERO INTERNACIONAL ESTÁNDAR DEL LIBRO
Número Internacional Estándar del Libro 84-7785-376-2
080 ## - NÚMERO DE LA CLASIFICACIÓN DECIMAL UNIVERSAL
Número de la Clasificación Decimal Universal 821.134.2-14"19"
100 1# - ENTRADA PRINCIPAL--NOMBRE DE PERSONA
Nombre de persona Torre, Guillermo de (
Fechas asociadas al nombre 1900-1971)
9 (RLIN) 110740
245 10 - MENCIÓN DEL TÍTULO
Título Hélices
Resto del título : poemas 1918-1922 /
Mención de responsabilidad, etc. Guillermo de Torre ; edición de José María Barrera López ; preliminar de Miguel de Torre Borges.
260 ## - PUBLICACIÓN, DISTRIBUCIÓN, ETC.
Lugar de publicación, distribución, etc. Málaga :
Nombre del editor, distribuidor, etc. Centro Cultural de la Generación del 27,
Fecha de publicación, distribución, etc. 2000.
300 ## - DESCRIPCIÓN FÍSICA
Extensión 40, 126 p. ;
Dimensiones 25 cm.
490 1# - MENCIÓN DE SERIE
Mención de serie Colección facsímiles ;
Designación de volumen o secuencia 1
534 ## - NOTA SOBRE LA VERSIÓN ORIGINAL
Frase introductoria Reprod. de la ed. de:
Publicación, distribución, etc. del original -- Madrid : Ed. Mundo Latino, 1923.
700 1# - ENTRADA AGREGADA--NOMBRE PERSONAL
Nombre de persona Barrera López, José María.
9 (RLIN) 25930
700 1# - ENTRADA AGREGADA--NOMBRE PERSONAL
Nombre de persona Torre Borges, Miguel de.
9 (RLIN) 110768
710 2# - ENTRADA AGREGADA--NOMBRE DE ENTIDAD CORPORATIVA
Nombre de entidad corporativa o nombre de jurisdicción como elemento de entrada Centro Cultural Generación del 27.
9 (RLIN) 2582
830 0# - PUNTO DE ACCESO ADICIONAL DE SERIE-TÍTULO UNIFORME
Título uniforme Colección facsímiles ;
Designación de volumen o secuencia 1
9 (RLIN) 228719
852 ## - LOCALIZACIÓN
Ubicación ES-MaACL
Número de control de estantería L-24274
Sublocalización o colección R.129586
Holdings
Estatus retirado Estado de pérdida Estado de daño No para préstamo Biblioteca de origen Biblioteca actual Ubicación en estantería Fecha de adquisición Fuente de adquisición Total de préstamos Signatura topográfica completa Código de barras Visto por última vez Precio de reemplazo Tipo de ítem Koha
        Biblioteca del Ateneo de Madrid Biblioteca del Ateneo de Madrid Depósito 2 17/01/2008     L-24274 1017835 23/02/2023 23/02/2023 Libro impreso